000 00719nam a2200253Ia 4500
003 OSt
005 20220926013033.0
006 a|||||r|||| 00| 0
007 ta
008 220923b |||||||| |||| 00| 0 eng d
037 _cGeneral Book
040 _aRTL
_cRTL
_beng
041 _2eng
_aeng
082 _aB:(R1), K5
100 _aQuine Willard Van Orman
_942260
245 0 _aMathematical logic
260 _aNew York
_bHarper and Row
_c1965
300 _axii,346p.
_ccm.
490 _aHaper Torchbooks. 1965
500 _aBibliography. P 331-40; Appendixes P 319-46
650 _aStatistics
_935791
942 _hB:(R1), K5
_cGB
_2CC
999 _c625020
_d625020